01419nam a22002177a 4500003001000000005001700010007000300027008004100030020001500071040003000086041000800116100005100124245006100175250001100236260003500247300002200282490005500304520079000359650003301149655001901182AR-RoUNCS20260511150004.0ta260511s1980 sp |||||r|||| 00| 1 spa d a8402067050 aAR-RoUNCSbspacAR-RoUNCS aspa1 aGarcía Márquez, Gabriel,d1927-2014eautor13aEl otoño del patriarca / cGabriel García Márquez. a1a ed. aBarcelona : bBruguera,c1980. a344 p. ; c18 cm.0 aColección de Literatura Universal Bruguera ; v3 aGarcía Márquez construyó en El otoño del patriarca una maquinaria narrativa perfecta que desgrana una historia universal -la agonía y muerte de un dictador- en forma cíclica, experimental y real al mismo tiempo, en seis bloques narrativos sin diálogos, sin puntos y aparte, repitiendo una anécdota siempre igual y siempre distinta, acumulando hechos y descripciones deslumbrantes. Novela escrita en Barcelona entre 1968 y 1975, El otoño del patriarca deja asomar en su trasfondo el acontecimiento más importante de la historia española de aquellos años, la muerte del general Franco, aunque su contexto y estilo sean, como siempre con García Márquez, el de la asombrosa realidad latinoamericana, que el autor ha elevado una vez más a la dignidad del mito. 72embneaLiteratura colombiana 72embneaNovelas